[Event "Elit(LASK-Wasa)"]
[Site "?"]
[Date "2005.??.??"]
[Round "2"]
[White "Tikkanen, Hans"]
[Black "Astrom, Goran"]
[Result "1/2-1/2"]
[WhiteElo "2435"]
[BlackElo "2327"]
[PlyCount "120"]
[EventDate "2005.??.??"]

1. d4 Nf6 2. c4 e6 3. Nc3 Bb4 4. e3 c5 5. Bd3 Nc6 6. Nf3 Bxc3+ 7. bxc3 d6 8.
O-O e5 9. d5 Ne7 10. Nd2 Bf5 11. Qc2 Bxd3 12. Qxd3 Qd7 13. e4 Ng6 14. Nb3 Qa4
15. g3 Nd7 16. Be3 O-O-O 17. Nd2 Nb6 18. Rfb1 Kb8 19. Rb5 Rd7 20. Rab1 Ka8 21.
R1b3 Rc7 22. Qf1 Rd8 23. f3 f6 24. Rb1 Rf8 25. Qd1 Qxd1+ 26. Rxd1 Kb8 27. Kf2
h6 28. Ke2 Ne7 29. f4 g5 30. Rf1 exf4 31. gxf4 Ng6 32. Rbb1 Rcf7 33. Kd3 Kc7
34. Kc2 Nd7 35. Rbe1 g4 36. f5 Nge5 37. Bxh6 Rh8 38. Bf4 Rh3 39. Bg3 Rfh7 40.
Re2 Rh8 41. a4 Re8 42. Rg2 Reh8 43. Kb3 R8h7 44. Rgf2 Nd3 45. Re2 N3e5 46. Ree1
Nd3 47. Ra1 N3e5 48. a5 a6 49. Kc2 Rh8 50. Ra2 Rb8 51. Kd1 Re8 52. Ke2 Reh8 53.
Kf2 Nxc4 54. Kg1 Nde5 55. Nxc4 Nxc4 56. Rff2 Re8 57. Rfe2 Ne5 58. Rab2 Nc4 59.
Ra2 Ne5 60. Rab2 Nc4 1/2-1/2

[Event "Elit(LASK-Wasa)"]
[Site "?"]
[Date "2005.??.??"]
[Round "2"]
[White "Hellborg, Teodor"]
[Black "Olsson, Linus"]
[Result "1-0"]
[WhiteElo "2384"]
[BlackElo "2439"]
[PlyCount "61"]
[EventDate "2005.??.??"]

1. d4 Nf6 2. Bg5 e6 3. e4 h6 4. Bxf6 Qxf6 5. Nc3 d6 6. Qd2 g5 7. O-O-O Bg7 8.
g3 Nc6 9. Bb5 O-O 10. Bxc6 bxc6 11. f4 c5 12. dxc5 Bb7 13. Qe3 Rfd8 14. Nf3 g4
15. Nd4 dxc5 16. Nb3 c4 17. Na5 Ba6 18. Nc6 Re8 19. Rd7 h5 20. Rhd1 Qh6 21. e5
h4 22. Rxc7 hxg3 23. hxg3 Qh2 24. Ne7+ Kh8 25. Ne4 Red8 26. Nd6 Rf8 27. Qe4 Qh7
28. Rh1 Bh6 29. Qxh7+ Kxh7 30. Ndf5 exf5 31. Rc6 1-0

[Event "Elit(LASK-Wasa)"]
[Site "?"]
[Date "2005.??.??"]
[Round "2"]
[White "Lund, Esben"]
[Black "von Bahr, Oskar"]
[Result "1/2-1/2"]
[WhiteElo "2290"]
[BlackElo "2382"]
[PlyCount "67"]
[EventDate "2005.??.??"]

1. d4 Nf6 2. c4 g6 3. Nc3 d5 4. cxd5 Nxd5 5. e4 Nxc3 6. bxc3 Bg7 7. Bc4 c5 8.
Ne2 Nc6 9. Be3 O-O 10. O-O Bg4 11. f3 Na5 12. Bd3 cxd4 13. cxd4 Be6 14. d5 Bxa1
15. Qxa1 f6 16. Qd4 Bf7 17. Qb4 e6 18. Bc5 b6 19. Be7 Nc6 20. dxc6 Qxd3 21.
Bxf8 Rxf8 22. Kf2 Rc8 23. Rc1 Qd8 24. Nd4 Qf8 25. Qxf8+ Kxf8 26. c7 Ke8 27. Nb5
Kd7 28. Rd1+ Ke7 29. Rc1 Kd7 30. e5 fxe5 31. Rd1+ Ke7 32. Rc1 Kd7 33. Rd1+ Ke7
34. Rc1 1/2-1/2

[Event "Elit(LASK-Wasa)"]
[Site "?"]
[Date "2005.??.??"]
[Round "2"]
[White "Berkell, Peder"]
[Black "Semcesen, Daniel"]
[Result "1/2-1/2"]
[WhiteElo "2226"]
[BlackElo "2310"]
[PlyCount "101"]
[EventDate "2005.??.??"]

1. d4 d5 2. Bg5 c6 3. e3 Nf6 4. Bxf6 exf6 5. Bd3 Bd6 6. Nc3 Qe7 7. Qf3 Be6 8.
Nge2 Nd7 9. O-O-O O-O-O 10. g4 Nb6 11. Nf4 Bxf4 12. Qxf4 h5 13. h3 Qd7 14. gxh5
Rxh5 15. Rdg1 g6 16. Qxf6 Rxh3 17. Rxh3 Bxh3 18. Rh1 Be6 19. Qf4 Qc7 20. Qxc7+
Kxc7 21. Ne2 Nc8 22. Nf4 Kd6 23. f3 Ne7 24. Kd2 Rg8 25. e4 b6 26. Rh7 Rf8 27.
a3 a5 28. Ke3 Rg8 29. c3 b5 30. Bf1 g5 31. e5+ Kd7 32. Nxe6 Kxe6 33. Bh3+ f5
34. exf6+ Kxf6 35. Bg4 Rg7 36. Rxg7 Kxg7 37. Bd7 Kg6 38. Kf2 Kf6 39. b3 Kg6 40.
Kg2 Kg7 41. Kg3 Kf7 42. Kg4 Kg6 43. a4 bxa4 44. bxa4 Kf6 45. Be8 Nf5 46. Bxc6
Ne3+ 47. Kg3 Nd1 48. Bxd5 Nxc3 49. Bc6 Ne2+ 50. Kg4 Nxd4 51. Be4 1/2-1/2

[Event "Elit(LASK-Wasa)"]
[Site "?"]
[Date "2005.??.??"]
[Round "2"]
[White "Unmack, Christian"]
[Black "Collett, Peter"]
[Result "0-1"]
[WhiteElo "2238"]
[BlackElo "2251"]
[PlyCount "37"]
[EventDate "2005.??.??"]

1. d4 Nf6 2. c4 e6 3. Nc3 Bb4 4. Bg5 c5 5. d5 Bxc3+ 6. bxc3 d6 7. f3 h6 8. Bh4
e5 9. e3 g5 10. Bf2 e4 11. h4 g4 12. h5 exf3 13. gxf3 Qe7 14. Bg2 Bf5 15. Rh4
Rg8 16. e4 gxf3 17. Qxf3 Bxe4 18. Rxe4 Nxe4 19. Kf1 0-1

[Event "Elit(LASK-Wasa)"]
[Site "?"]
[Date "2005.??.??"]
[Round "2"]
[White "Nordstrom, Felix"]
[Black "Nilsson, Sebastian"]
[Result "0-1"]
[WhiteElo "2126"]
[BlackElo "2263"]
[PlyCount "74"]
[EventDate "2005.??.??"]

1. d4 d5 2. c4 Nc6 3. Nf3 Bg4 4. cxd5 Bxf3 5. gxf3 Qxd5 6. e3 e6 7. Nc3 Qh5 8.
Bg2 O-O-O 9. f4 Qxd1+ 10. Nxd1 Nce7 11. b3 Nf5 12. Ke2 Nf6 13. Bb2 h6 14. Nc3
Rg8 15. Ne4 Nd5 16. Nc5 g5 17. fxg5 hxg5 18. Rag1 g4 19. h3 g3 20. Be4 Bd6 21.
Nd3 Rg7 22. Ne5 Rdg8 23. Bxf5 exf5 24. fxg3 f6 25. Nc4 Bxg3 26. Kf3 Bh4 27.
Rxg7 Rxg7 28. Rh2 b5 29. Nd2 Rg3+ 30. Ke2 Rxe3+ 31. Kd1 Re1+ 32. Kc2 Nb4+ 33.
Kc3 Nxa2+ 34. Kc2 Nb4+ 35. Kc3 Nd5+ 36. Kc2 Bg3 37. Nf3 Re3 0-1

[Event "Elit(LASK-Wasa)"]
[Site "?"]
[Date "2005.??.??"]
[Round "2"]
[White "Riis, Jens"]
[Black "Nystrom, Ragnar"]
[Result "1-0"]
[WhiteElo "2248"]
[BlackElo "1962"]
[PlyCount "77"]
[EventDate "2005.??.??"]

1. d4 e6 2. Nf3 Nf6 3. Bf4 d5 4. e3 c5 5. c3 Be7 6. Nbd2 O-O 7. Ne5 b6 8. Qf3
Bb7 9. Bd3 Nc6 10. Qh3 c4 11. Bc2 g6 12. O-O b5 13. a3 a5 14. Rae1 b4 15. a4
Rc8 16. Bh6 Re8 17. f4 Rc7 18. g4 bxc3 19. bxc3 Bc8 20. Rf3 Qd6 21. Bg5 Qa3 22.
Nb1 Qb2 23. Rf2 Qb6 24. Qh4 Nxe5 25. fxe5 Ne4 26. Bxe4 Bxg5 27. Qxg5 dxe4 28.
h4 Rd7 29. Nd2 Bb7 30. h5 Qd8 31. Rf6 Bc6 32. Ref1 Bxa4 33. Nxe4 Bc6 34. Nd6
Ree7 35. hxg6 hxg6 36. Qf4 Qb8 37. Nxf7 Qb2 38. Rxg6+ Kf8 39. Qh6+ 1-0

[Event "Elit(Lulea-Skara)"]
[Site "?"]
[Date "2005.??.??"]
[Round "2"]
[White "Larsson, Anders"]
[Black "Winsnes, Rikard"]
[Result "1-0"]
[WhiteElo "2376"]
[BlackElo "2516"]
[PlyCount "123"]
[EventDate "2005.??.??"]

1. e4 c5 2. Nf3 d6 3. Bc4 Nf6 4. d3 e6 5. Bb3 Be7 6. c3 b6 7. O-O Bb7 8. Re1 d5
9. e5 Nfd7 10. d4 g5 11. c4 dxc4 12. Bxc4 g4 13. Nfd2 cxd4 14. Qxg4 Qc7 15. Na3
Bxa3 16. bxa3 Nc6 17. Nf3 O-O-O 18. Qh5 Rhg8 19. Bf1 Nc5 20. Bg5 Ne7 21. h4 h6
22. Bf6 Rg6 23. Red1 Rdg8 24. Bxe7 Qxe7 25. Rxd4 Kb8 26. Re1 Qf8 27. Red1 Kc7
28. Ne1 Qg7 29. f3 Rg3 30. Kf2 Bd5 31. Rf4 Rg6 32. g4 Bxa2 33. Nd3 Nd7 34. Rd4
Bd5 35. Nb4 Nxe5 36. Nxd5+ exd5 37. Rxd5 Re6 38. Qf5 Rge8 39. Bb5 R8e7 40. Qf4
Qf6 41. Rd7+ Rxd7 42. Rxd7+ Kb8 43. Rd4 Rd6 44. Qxf6 Rxf6 45. Be2 Kc7 46. Kg3
Rc6 47. f4 Rc3+ 48. Kf2 Nc6 49. Rc4 Rxc4 50. Bxc4 f6 51. Ke3 Kd6 52. h5 Ne7 53.
Ke4 Kc5 54. Bf7 b5 55. g5 fxg5 56. fxg5 hxg5 57. h6 Nc8 58. Bg8 Ne7 59. Bf7 Nc8
60. Kf3 Nd6 61. Bg6 Nc4 62. Kg4 1-0

[Event "Elit(Lulea-Skara)"]
[Site "?"]
[Date "2005.??.??"]
[Round "2"]
[White "Eklund, Lars-Goran"]
[Black "Rohlen, Magnus"]
[Result "1-0"]
[WhiteElo "2317"]
[BlackElo "2174"]
[PlyCount "57"]
[EventDate "2005.??.??"]

1. Nf3 Nc6 2. d4 d6 3. e4 Nf6 4. c3 g6 5. Qc2 Bg7 6. h3 O-O 7. Be3 e5 8. dxe5
Nxe5 9. Nxe5 dxe5 10. Bc4 b6 11. Nd2 Bb7 12. O-O Ne8 13. f4 exf4 14. Bxf4 Nd6
15. Bb3 Qe7 16. Rae1 Kh8 17. e5 Nf5 18. Rf2 Qd7 19. Ne4 Qc6 20. Ng5 Nh6 21. e6
Rfe8 22. Ree2 fxe6 23. Nxe6 Nf5 24. Nxg7 Rxe2 25. Qxe2 Nxg7 26. Be5 Qc5 27. Bd4
Qg5 28. Rf7 Rg8 29. Bxg7+ 1-0

[Event "Elit(Lulea-Skara)"]
[Site "?"]
[Date "2005.??.??"]
[Round "2"]
[White "Marklund, Nicklas"]
[Black "Ziegler, Ari"]
[Result "1-0"]
[WhiteElo "2270"]
[BlackElo "2375"]
[PlyCount "65"]
[EventDate "2005.??.??"]

1. d4 Nf6 2. c4 c5 3. d5 e6 4. Nc3 exd5 5. cxd5 d6 6. e4 g6 7. f4 Bg7 8. Bb5+
Nfd7 9. a4 O-O 10. Nf3 Na6 11. O-O Nc7 12. Bc4 a6 13. Qd3 Rb8 14. Re1 Re8 15.
h3 Nb6 16. Bb3 Nd7 17. Bc4 Nb6 18. Bb3 Bd7 19. e5 Bf5 20. Qf1 dxe5 21. fxe5
Nbxd5 22. Bxd5 Nxd5 23. Rd1 Be6 24. Bg5 Qd7 25. Rxd5 Bxd5 26. Rd1 h6 27. Nxd5
Qxa4 28. Nf6+ Bxf6 29. Bxf6 Rbc8 30. Nh2 Rc7 31. Ng4 Rd7 32. Rxd7 Qxd7 33. Qc1
1-0

[Event "Elit(Lulea-Skara)"]
[Site "?"]
[Date "2005.??.??"]
[Round "2"]
[White "Andersson, Goran"]
[Black "Pettersson, Tobias"]
[Result "1-0"]
[WhiteElo "2227"]
[BlackElo "2150"]
[PlyCount "125"]
[EventDate "2005.??.??"]

1. e4 d6 2. d4 Nf6 3. Nc3 g6 4. g3 Bg7 5. Bg2 O-O 6. Nge2 c6 7. a4 e5 8. h3 Qc7
9. O-O Re8 10. a5 Na6 11. Re1 b5 12. axb6 axb6 13. d5 cxd5 14. Bg5 Bb7 15. Bxf6
Bxf6 16. Nxd5 Bxd5 17. Qxd5 Rec8 18. Nc3 Nb4 19. Rxa8 Nxd5 20. Nxd5 Qxc2 21.
Nxf6+ Kg7 22. Rxc8 Qxc8 23. Nd5 Qc2 24. b4 f5 25. f3 Qb2 26. g4 h5 27. gxf5
gxf5 28. Bf1 Qd4+ 29. Kg2 Kh6 30. h4 Qd2+ 31. Re2 Qd4 32. Ne3 Qxb4 33. Nxf5+
Kg6 34. Ne7+ Kf7 35. Nd5 Qb1 36. Re3 b5 37. Rc3 b4 38. Rc7+ Kf8 39. Bc4 Qc2+
40. Kg3 b3 41. Nf6 d5 42. Nxd5 b2 43. Nf6 Qxc4 44. Rxc4 b1=Q 45. Rc8+ Kf7 46.
Nxh5 Qg1+ 47. Kh3 Qg6 48. Rc7+ Ke8 49. Ng3 Qe6+ 50. Nf5 Qg6 51. Re7+ Kf8 52.
Rxe5 Qh5 53. f4 Qe2 54. Ng3 Qf3 55. Rf5+ Kg7 56. e5 Qb3 57. Rf6 Qe3 58. h5 Qf3
59. h6+ Kh7 60. f5 Qc3 61. Re6 Qc8 62. Ne4 Qf8 63. Nf6+ 1-0

[Event "Elit(Lulea-Skara)"]
[Site "?"]
[Date "2005.??.??"]
[Round "2"]
[White "Pousette, Gunnar"]
[Black "Svensson, Sven"]
[Result "0-1"]
[WhiteElo "2163"]
[BlackElo "2263"]
[PlyCount "80"]
[EventDate "2005.??.??"]

1. c4 Nf6 2. Nc3 c5 3. Nf3 d5 4. cxd5 Nxd5 5. g3 e6 6. Bg2 Be7 7. O-O O-O 8. d4
Nc6 9. e4 Nxc3 10. bxc3 cxd4 11. cxd4 b6 12. Qa4 Bd7 13. Qb3 Na5 14. Qd3 a6 15.
Qb1 Bb5 16. Re1 Rc8 17. d5 exd5 18. exd5 Bf6 19. Ne5 Nc4 20. Bb2 Nxb2 21. Qxb2
Qd6 22. Rad1 Rfe8 23. f4 Bd7 24. Rd2 Bb5 25. Qd4 Rc4 26. Qe3 Rc7 27. Qd4 Rce7
28. a4 Bd7 29. Rde2 b5 30. axb5 Bxb5 31. Re3 g6 32. h3 h5 33. Kh2 h4 34. gxh4
Bxh4 35. Rg1 Bf2 36. Be4 Bxe3 37. Qxe3 Rxe5 38. fxe5 Qxe5+ 39. Rg3 Qxe4 40. Qg5
Re5 0-1

[Event "Elit(Lulea-Skara)"]
[Site "?"]
[Date "2005.??.??"]
[Round "2"]
[White "Mohammadi, Amir"]
[Black "Engstrom, Kaj"]
[Result "1-0"]
[WhiteElo "2232"]
[BlackElo "2249"]
[PlyCount "77"]
[EventDate "2005.??.??"]

1. e4 c5 2. Nc3 e6 3. g3 a6 4. Bg2 b5 5. d3 Bb7 6. f4 b4 7. Nce2 d5 8. e5 Ne7
9. Nf3 Nec6 10. O-O Nd7 11. c3 a5 12. Be3 Be7 13. Rc1 O-O 14. g4 a4 15. c4 dxc4
16. dxc4 Qc7 17. Ng3 Nb6 18. Rf2 Na5 19. Nd2 Rad8 20. Qf1 Rd7 21. Bxb7 Qxb7 22.
f5 exf5 23. Nxf5 Qc6 24. Re1 Qe6 25. Nxe7+ Qxe7 26. e6 Rb7 27. Ne4 Qxe6 28.
Nxc5 Qg6 29. Nxb7 Nxb7 30. Qe2 Nd7 31. Bd2 b3 32. axb3 axb3 33. Bb4 Nbc5 34.
Rf5 Qb6 35. Bxc5 Nxc5 36. Qe3 Nd7 37. Qxb6 Nxb6 38. c5 Na4 39. c6 1-0

[Event "Elit(Lulea-Skara)"]
[Site "?"]
[Date "2005.??.??"]
[Round "2"]
[White "Dedorson, Tomas"]
[Black "Olsson, Simon"]
[Result "0-1"]
[WhiteElo "2149"]
[BlackElo "1943"]
[PlyCount "74"]
[EventDate "2005.??.??"]

1. d4 d5 2. Nf3 Nf6 3. Bg5 Ne4 4. Bh4 g6 5. e3 Bg7 6. Nbd2 Nd7 7. Nxe4 dxe4 8.
Nd2 f5 9. Bc4 Nf6 10. O-O e6 11. c3 Qd7 12. f3 exf3 13. Qxf3 O-O 14. e4 Kh8 15.
Rae1 Rb8 16. Qe2 b5 17. Bd3 a6 18. Nb3 Bb7 19. Nc5 Qc6 20. b4 Nd7 21. a4 Nxc5
22. axb5 axb5 23. bxc5 b4 24. Qd2 bxc3 25. Qxc3 fxe4 26. Rxf8+ Rxf8 27. Rf1 Ra8
28. Be2 Qd5 29. Bf6 Bxf6 30. Rxf6 Kg7 31. Rf1 Ra2 32. Bc4 Ra3 33. Qxa3 Qxc4 34.
Qg3 Qxd4+ 35. Kh1 Qxc5 36. Qf4 Qe7 37. Qe5+ Kg8 0-1

[Event "Elit(Kamraterna-Sollentuna)"]
[Site "?"]
[Date "2005.??.??"]
[Round "2"]
[White "Agrest, Evgenij"]
[Black "Svensson, Bengt"]
[Result "1-0"]
[WhiteElo "2679"]
[BlackElo "2453"]
[PlyCount "89"]
[EventDate "2005.??.??"]

1. c4 c6 2. Nf3 d5 3. e3 Nf6 4. Qc2 g6 5. b3 Bg7 6. Bb2 O-O 7. Be2 Bg4 8. d3
Nbd7 9. Nbd2 Re8 10. h3 Bxf3 11. Bxf3 Rc8 12. O-O e6 13. Rac1 Qe7 14. Rfe1 Qd6
15. e4 dxe4 16. dxe4 e5 17. Red1 c5 18. Nb1 Qe6 19. Nc3 Nb8 20. Nb5 Nc6 21. Nd6
Nd4 22. Bxd4 Qxd6 23. Be3 Qf8 24. Rd3 h5 25. Qd2 Red8 26. Rxd8 Qxd8 27. Qxd8+
Rxd8 28. Bxc5 Rd2 29. Ra1 b6 30. Bb4 Rd3 31. Kf1 Bf8 32. Be1 Bc5 33. b4 Bd4 34.
Rc1 Nd7 35. Bd1 Ra3 36. Bb3 a5 37. c5 bxc5 38. bxa5 Nb8 39. Rc4 Nc6 40. Ra4
Rxa4 41. Bxa4 Na7 42. Bb3 Kf8 43. Bc4 Ke7 44. a6 f6 45. Ba5 1-0

[Event "Elit(Kamraterna-Sollentuna)"]
[Site "?"]
[Date "2005.??.??"]
[Round "2"]
[White "Svenn, Matti"]
[Black "Berg, Emanuel"]
[Result "0-1"]
[WhiteElo "2307"]
[BlackElo "2632"]
[PlyCount "48"]
[EventDate "2005.??.??"]

1. e4 c5 2. Nf3 d6 3. d4 cxd4 4. Nxd4 Nf6 5. Nc3 g6 6. Be3 Bg7 7. f3 Nc6 8. Qd2
Bd7 9. Bc4 Rc8 10. Bb3 h5 11. O-O-O Ne5 12. h3 h4 13. Kb1 Nc4 14. Bxc4 Rxc4 15.
Nde2 Rh5 16. Bf2 Qc8 17. Qd3 Be6 18. Nf4 Ra5 19. Nxe6 Qxe6 20. Nd5 Nxd5 21.
exd5 Qc8 22. Rhe1 Bxb2 23. Kxb2 Rxc2+ 24. Kb1 Rxf2 0-1

[Event "Elit(Kamraterna-Sollentuna)"]
[Site "?"]
[Date "2005.??.??"]
[Round "2"]
[White "Carlsson, Pontus"]
[Black "Svenn, Gosta"]
[Result "1-0"]
[WhiteElo "2581"]
[BlackElo "2406"]
[PlyCount "72"]
[EventDate "2005.??.??"]

1. e4 e5 2. Nf3 Nc6 3. Bb5 Nf6 4. O-O d6 5. d4 Bd7 6. Nc3 Be7 7. Bxc6 Bxc6 8.
Re1 exd4 9. Nxd4 Bd7 10. Qf3 O-O 11. h3 h6 12. Bf4 Nh7 13. e5 dxe5 14. Bxe5 Bf6
15. Rad1 Bxe5 16. Rxe5 Qf6 17. Qg3 Bc6 18. Nxc6 Qxc6 19. Re7 Ng5 20. Rxc7 Qb6
21. b3 Rad8 22. Rcd7 Rxd7 23. Rxd7 Re8 24. h4 Re1+ 25. Kh2 Ne4 26. Nxe4 Rxe4
27. Qf3 Qe6 28. Rd8+ Kh7 29. g3 Re2 30. Rf8 Rxc2 31. Rxf7 Rxa2 32. Rxb7 Qg6 33.
h5 Qc2 34. Rf7 Ra1 35. Qf6 Rh1+ 36. Kxh1 Qd1+ 1-0

[Event "Elit(Kamraterna-Sollentuna)"]
[Site "?"]
[Date "2005.??.??"]
[Round "2"]
[White "Hamark, Jesper"]
[Black "Lindberg, Bo"]
[Result "0-1"]
[WhiteElo "2311"]
[BlackElo "2471"]
[PlyCount "114"]
[EventDate "2005.??.??"]

1. d4 Nf6 2. c4 e6 3. Nc3 Bb4 4. Nf3 b6 5. Bg5 h6 6. Bh4 g5 7. Bg3 Ne4 8. Qc2
Bb7 9. e3 f5 10. Bd3 Bxc3+ 11. bxc3 d6 12. d5 Qf6 13. Bxe4 fxe4 14. Qxe4 Nd7
15. Qxe6+ Qxe6 16. dxe6 Nc5 17. h4 g4 18. Nd4 h5 19. f3 Rg8 20. Rg1 O-O-O 21.
O-O-O Rde8 22. e4 Nxe6 23. Nxe6 Rxe6 24. Rde1 gxf3 25. gxf3 Rf6 26. f4 Rfg6 27.
Bf2 Rxg1 28. Rxg1 Rf8 29. Rg5 Rxf4 30. Rf5 Rxe4 31. Rxh5 Rxc4 32. Kb2 Re4 33.
Bd4 Re2+ 34. Ka3 Bf3 35. Rf5 Bg4 36. Rf2 Re4 37. Bf6 Kd7 38. Kb2 a5 39. Bg5 Bh5
40. Rd2 Re5 41. Rf2 Rb5+ 42. Ka3 Kc6 43. Bd8 Kd7 44. Bg5 Rb1 45. Rb2 Rf1 46.
Rh2 b5 47. Kb2 c5 48. a3 Kc6 49. Rd2 Bg6 50. Be7 d5 51. Rg2 Be4 52. Rg8 Rf7 53.
Bd8 Rf2+ 54. Ka1 b4 55. axb4 axb4 56. cxb4 cxb4 57. Rg3 Kb5 0-1

[Event "Elit(Kamraterna-Sollentuna)"]
[Site "?"]
[Date "2005.??.??"]
[Round "2"]
[White "Couso, Luis"]
[Black "Wengholm, Anders"]
[Result "0-1"]
[WhiteElo "2432"]
[BlackElo "2241"]
[PlyCount "40"]
[EventDate "2005.??.??"]

1. e4 d6 2. d4 Nf6 3. Nc3 g6 4. Nf3 Bg7 5. h3 O-O 6. Be2 c5 7. dxc5 Qa5 8. O-O
Qxc5 9. Be3 Qa5 10. Nd2 Qd8 11. Nb3 Nc6 12. f4 Be6 13. f5 Bd7 14. g4 Ne5 15. g5
Ne8 16. Rf2 Bc6 17. Nd4 Qa5 18. Qd2 Qd8 19. Raf1 Nc7 20. h4 d5 0-1

[Event "Elit(Kamraterna-Sollentuna)"]
[Site "?"]
[Date "2005.??.??"]
[Round "2"]
[White "Haggstrom, Olle"]
[Black "Ong, Kezli"]
[Result "1-0"]
[WhiteElo "2226"]
[BlackElo "2397"]
[PlyCount "147"]
[EventDate "2005.??.??"]

1. e4 e5 2. Nf3 Nc6 3. Nc3 Nf6 4. d4 exd4 5. Nxd4 Bb4 6. Nxc6 bxc6 7. Bd3 d5 8.
exd5 cxd5 9. O-O O-O 10. Bg5 c6 11. Qf3 Be7 12. Rfe1 Be6 13. Ne2 h6 14. Bf4 Qb6
15. b3 Rfe8 16. Be3 c5 17. h3 d4 18. Bc1 Bd5 19. Qg3 Bd6 20. Bf4 Bxf4 21. Nxf4
Bb7 22. Bc4 Qa5 23. f3 Qc3 24. Qf2 Re3 25. Rxe3 dxe3 26. Qe1 Qd4 27. Ne2 Qe5
28. Rd1 Re8 29. Qg3 Qe7 30. Qd6 Qxd6 31. Rxd6 Kf8 32. Kf1 Re5 33. Rd8+ Ke7 34.
Rb8 Bc6 35. f4 Re4 36. Rc8 Bd5 37. Bd3 Rb4 38. Rxc5 Kd6 39. Ra5 Rb7 40. Nd4 Ke7
41. Nf5+ Kf8 42. Nxe3 Bc6 43. Rc5 Bd7 44. Nd5 Ne8 45. b4 Be6 46. b5 Rd7 47. c4
Bxd5 48. cxd5 Ke7 49. Be4 Kd8 50. Ke2 Re7 51. Kd3 Nd6 52. Bf3 Re1 53. a4 Kd7
54. Rc6 f5 55. Ra6 Nc8 56. Rg6 Re7 57. g4 Nd6 58. gxf5 Rf7 59. Bg4 Kc7 60. f6
gxf6 61. Rxh6 Kb6 62. Be6 Rf8 63. Rh7 a5 64. bxa6 Kxa6 65. Rd7 Nb7 66. Rf7 Rg8
67. Rxf6 Rg3+ 68. Kd4 Ka5 69. Bc8 Nd8 70. Ra6+ Kb4 71. Bg4 Nf7 72. d6 Rg2 73.
d7 Rd2+ 74. Ke3 1-0

[Event "Elit(Kamraterna-Sollentuna)"]
[Site "?"]
[Date "2005.??.??"]
[Round "2"]
[White "Eriksson, Jonas"]
[Black "Borvander, Tom"]
[Result "1-0"]
[WhiteElo "2366"]
[BlackElo "2231"]
[PlyCount "63"]
[EventDate "2005.??.??"]

1. d4 Nf6 2. c4 g6 3. Nc3 Bg7 4. e4 d6 5. Nge2 O-O 6. Ng3 h5 7. h4 c5 8. d5
Nbd7 9. Be2 Ne5 10. f3 a6 11. a4 Bd7 12. Nf1 e6 13. Bg5 Qb6 14. Qd2 Qb4 15. Ne3
b5 16. dxe6 fxe6 17. axb5 axb5 18. Rxa8 Rxa8 19. O-O Nxc4 20. Bxc4 bxc4 21. e5
Ne8 22. Ned5 exd5 23. Qxd5+ Kh7 24. Qxa8 Qxb2 25. e6 Bb5 26. Qb7 Qxc3 27. Qxb5
Qd4+ 28. Kh1 Nf6 29. Re1 Qf2 30. Rc1 d5 31. e7 Qg3 32. e8=Q 1-0

[Event "Elit(Kamraterna-Sollentuna)"]
[Site "?"]
[Date "2005.??.??"]
[Round "2"]
[White "Wallin, Dennis"]
[Black "Andersson, Fredrik"]
[Result "1/2-1/2"]
[WhiteElo "2277"]
[BlackElo "2302"]
[PlyCount "35"]
[EventDate "2005.??.??"]

1. b3 d5 2. Bb2 Nf6 3. Nf3 c6 4. g3 Bg4 5. Ne5 Bh5 6. Bg2 Nbd7 7. d4 e6 8. Nd2
Nxe5 9. dxe5 Nd7 10. c4 Qb8 11. f4 Bc5 12. cxd5 cxd5 13. Nf3 a6 14. Bd4 Bb4+
15. Kf2 O-O 16. a3 Be7 17. Rf1 Rc8 18. Kg1 1/2-1/2

[Event "Elit(Eksjo-Rockaden)"]
[Site "?"]
[Date "2005.??.??"]
[Round "2"]
[White "Andersson, Ulf"]
[Black "Gdanski, Jacek"]
[Result "1/2-1/2"]
[WhiteElo "2634"]
[BlackElo "2609"]
[PlyCount "87"]
[EventDate "2005.??.??"]

1. Nf3 d5 2. d4 c6 3. c4 e6 4. Qc2 Nf6 5. g3 dxc4 6. Qxc4 b5 7. Qd3 Bb7 8. Bg2
Nbd7 9. O-O a6 10. Nc3 c5 11. dxc5 Nxc5 12. Qxd8+ Rxd8 13. Be3 Ncd7 14. Rfd1
Bb4 15. Bd4 O-O 16. Rac1 Rc8 17. Ne5 Bxg2 18. Nxd7 Nxd7 19. Kxg2 Nf6 20. Kf3
Bxc3 21. Bxc3 Nd5 22. Be1 f5 23. e4 fxe4+ 24. Kxe4 Kf7 25. h3 Ke7 26. f4 g6 27.
Bd2 Rxc1 28. Rxc1 Kd6 29. Bc3 Kd7 30. Be5 Rc8 31. Rxc8 Kxc8 32. Bd4 Kd7 33. g4
Nb4 34. a3 Nc6 35. Be3 Ke7 36. f5 gxf5+ 37. gxf5 Kf7 38. Kf4 Ne7 39. fxe6+ Kxe6
40. Kg5 Kf7 41. Bd2 Nc6 42. Kf5 Nd4+ 43. Ke4 Nb3 44. Bc3 1/2-1/2

[Event "Elit(Eksjo-Rockaden)"]
[Site "?"]
[Date "2005.??.??"]
[Round "2"]
[White "Vernersson, Per"]
[Black "Karlsson, Lars"]
[Result "1/2-1/2"]
[WhiteElo "2516"]
[BlackElo "2601"]
[PlyCount "80"]
[EventDate "2005.??.??"]

1. d4 f5 2. Nf3 e6 3. g3 Nf6 4. Bg2 d5 5. O-O Be7 6. c4 O-O 7. Nbd2 Nc6 8. e3
Ne4 9. a3 a5 10. Qc2 a4 11. Ne1 Bd7 12. Nd3 Be8 13. Nf4 Bf7 14. cxd5 exd5 15.
Nf3 Bd6 16. Nd3 Qe7 17. Bd2 g5 18. Bb4 Nxb4 19. axb4 Be8 20. Nc5 Bb5 21. Rfe1
c6 22. Nxa4 Bxa4 23. Rxa4 Rxa4 24. Qxa4 Bxb4 25. Ra1 Bd6 26. Qb3 Rf7 27. Ra8+
Kg7 28. Qb6 f4 29. exf4 gxf4 30. Qd8 Qxd8 31. Rxd8 Bc7 32. Ra8 fxg3 33. hxg3
Bb6 34. Ra4 Re7 35. Rb4 Ba5 36. Ra4 Bc7 37. Bh3 Nd6 38. Bf1 Ne4 39. Bh3 Nd6 40.
Bf1 Ne4 1/2-1/2

[Event "Elit(Eksjo-Rockaden)"]
[Site "?"]
[Date "2005.??.??"]
[Round "2"]
[White "Barkhagen, Jonas"]
[Black "Schussler, Harry"]
[Result "1/2-1/2"]
[WhiteElo "2527"]
[BlackElo "2451"]
[PlyCount "76"]
[EventDate "2005.??.??"]

1. d4 Nf6 2. c4 e6 3. Nf3 b6 4. e3 Bb7 5. Bd3 d5 6. cxd5 exd5 7. O-O Bd6 8. b3
O-O 9. Ba3 c5 10. Nc3 Nbd7 11. Rc1 Qe7 12. Qe2 Rad8 13. Ba6 Ba8 14. Rc2 Ne4 15.
Na4 Ndf6 16. h3 Rd7 17. Rfc1 cxd4 18. Bxd6 Nxd6 19. Nxd4 g6 20. Nc3 Bb7 21. Bd3
Nfe4 22. Ncb5 a5 23. Nxd6 Qxd6 24. Ba6 Bxa6 25. Qxa6 Nc5 26. Qb5 Rc8 27. Qe2
Qe7 28. a3 Ra8 29. Qb5 Rd6 30. b4 axb4 31. axb4 Ne4 32. Rc8+ Rxc8 33. Rxc8+ Kg7
34. Qe8 Qxe8 35. Rxe8 Rd7 36. Rb8 Rc7 37. Rxb6 Rc1+ 38. Kh2 Nxf2 1/2-1/2

[Event "Elit(Eksjo-Rockaden)"]
[Site "?"]
[Date "2005.??.??"]
[Round "2"]
[White "Thornert, Hakan"]
[Black "Bator, Robert"]
[Result "0-1"]
[WhiteElo "2303"]
[BlackElo "2475"]
[PlyCount "94"]
[EventDate "2005.??.??"]

1. e4 c5 2. Nc3 Nc6 3. Nf3 e5 4. Bc4 Be7 5. d3 d6 6. O-O Nf6 7. Ng5 O-O 8. f4
Bg4 9. Qd2 exf4 10. Qxf4 Ne5 11. h3 Nxc4 12. dxc4 Bh5 13. g4 Bg6 14. Nf3 Nd7
15. Rd1 Nb6 16. b3 Qe8 17. Nb5 Qc6 18. Nc3 Rfe8 19. Bb2 Rad8 20. Nd5 Nxd5 21.
cxd5 Qc8 22. c4 a6 23. Re1 b5 24. Re2 bxc4 25. bxc4 Rd7 26. Rae1 f6 27. Nh4 Bd8
28. Bc3 a5 29. Nf5 Qa6 30. Ba1 Qxc4 31. Nxd6 Bc7 32. Nxc4 Bxf4 33. Kf2 Bc7 34.
Kf3 h5 35. Rd1 hxg4+ 36. hxg4 Bf7 37. Rb1 f5 38. Rd1 fxg4+ 39. Kxg4 Bxd5 40.
Rc1 Bxe4 41. Rce1 Rde7 42. Re3 Re6 43. Be5 Rg6+ 44. Kf4 Bd5 45. Bxc7 Rf8+ 46.
Ke5 Bxc4 47. Bxa5 Re6# 0-1

[Event "Elit(Eksjo-Rockaden)"]
[Site "?"]
[Date "2005.??.??"]
[Round "2"]
[White "Wessman, Rickard"]
[Black "Miskulin, Dennis"]
[Result "1-0"]
[WhiteElo "2502"]
[BlackElo "2303"]
[PlyCount "71"]
[EventDate "2005.??.??"]

1. d4 Nf6 2. c4 g6 3. g3 Bg7 4. Bg2 d6 5. Nc3 O-O 6. Nf3 Nbd7 7. O-O e5 8. e4
exd4 9. Nxd4 Re8 10. h3 Nc5 11. Re1 a5 12. Rb1 c6 13. Bf4 Ne6 14. Be3 Nxd4 15.
Bxd4 Be6 16. b3 Qc7 17. Rc1 Rad8 18. Qd2 Nd7 19. Bxg7 Kxg7 20. Red1 Nc5 21. Rb1
f6 22. Qf4 Bf7 23. Rb2 Re6 24. Rbd2 g5 25. Qe3 Rde8 26. f4 h6 27. h4 Bh5 28.
Rf1 gxh4 29. gxh4 R6e7 30. Qd4 Rd8 31. Bh3 Rde8 32. Rg2+ Kf7 33. Nd5 cxd5 34.
Qxd5+ Ne6 35. Qxh5+ Kf8 36. Bxe6 1-0

[Event "Elit(Eksjo-Rockaden)"]
[Site "?"]
[Date "2005.??.??"]
[Round "2"]
[White "Gustafsson, Fredrik"]
[Black "Hedman, Erik"]
[Result "0-1"]
[WhiteElo "2197"]
[BlackElo "2417"]
[PlyCount "72"]
[EventDate "2005.??.??"]

1. e4 e6 2. d4 d5 3. Nc3 Bb4 4. e5 Ne7 5. a3 Bxc3+ 6. bxc3 c5 7. Qg4 Kf8 8. Bd3
Qa5 9. Bd2 Qa4 10. Rc1 Nbc6 11. Nf3 c4 12. Be2 Qxa3 13. O-O Qb2 14. Nh4 a5 15.
f4 Kg8 16. Qf3 h5 17. Qf2 a4 18. g4 hxg4 19. Bxg4 a3 20. f5 Rxh4 21. Qxh4 exf5
22. Bf3 a2 23. Qe1 b5 24. Kh1 Ra3 25. Rg1 Kf8 26. Qh4 Ke8 27. Qh8+ Kd7 28. Qxg7
a1=Q 29. Qxf7 Nd8 30. e6+ Nxe6 31. Bxd5 Nd8 32. Qf8 Ra6 33. Bg5 Qaa3 34. Rce1
Ne6 35. Bxe6+ Rxe6 36. Rxe6 Bb7+ 0-1